Homonymes de la cuisine. - Statistiques

Statistiques générales
  • Ce quiz a été pris 106 fois
  • Le résultat moyen est 4 sur 15
Statistiques - réponses
Hint Réponse % Correct
Il coupe mais peut aussi se manger. Couteau
87%
Elle soutient assiettes et plats mais permet aussi aux écoliers de se souvenir des multiplications les plus simples. Table
64%
Peut être vue sur la plage, dans une salle de bain ou bien lors d'un repas de fête. Serviette
45%
Elle pique mais permet aussi de donner une approximation. Fourchette
39%
Lorsque qu'elle est de bois elle se réfère aux rugbymens. Cuillère
37%
Elle peut désigner une grande étendue d'eau ou bien être à carreaux. Nappe
37%
On y pose son séant mais peut aussi désigner une vie dissipée. Chaise
28%
Il réfléchit mais peut aussi contenir les meilleurs vins. Verre
28%
Elle contient le dîner mais peut aussi fonder la taxation. Assiette
22%
Elle peut se faire réchauffer mais il peut aussi chauffer. Poêle
13%
Elle peut sentir fort ou bien renfermer les odeurs de cuisson de ce qu'elle contient. Cocotte
9%
Elle vient du jardin mais peuvent aussi sortir de la bouche quand elles sont au pluriel. Salade
9%
Quand on l'a, tout va. Dans l'assiette ou pas. Patate|Frite|Pêche
4%
Peut désigner une personne ayant abusé des meilleurs vins ou bien un objet qui s'enfile. Rond
1%
Elle est une destination mais peut aussi avoir la bouche pour destination. Macédoine
0%
Aucun quiz correspondant
Distribution des résultats
% des personnes avec chaque résultat
Percentile par nombre de réponses
Votre historique - résultats
Vous n’avez pas pris ce quiz